Problémy pri pripojení radiátorov počas rekonštrukcií

Bibliographic Details
Main Author: Zelenay, Peter (Author)
Format: Article
Language:Slovak

MARC

LEADER 00000nab a2200000 a 4500
001 vtls011099937
003 SK-MaSNL
005 20260303150758.0
008 230222|2007 xo |||||||||||||||||slo|
015 |a SNBRB 
035 |a (uuid)480795d2-6f33-4494-92a8-68bac1ee3527 
035 |a (urnnbn)urn:nbn:sk:snk:ar-006mze 
035 |a urn:nbn:sk:snk-ab94v0 
040 |a SNKBUCL  |b slo  |c SNKBUCL  |e AACR2 
041 0 |a slo 
044 |a xo  |c SK 
100 1 |a Zelenay, Peter  |4 aut  |9 541013 
245 1 0 |a Problémy pri pripojení radiátorov počas rekonštrukcií  |c Peter Zelenay 
773 0 |t TechCON magazín : odborný časopis pre projektantov TZB a užívateľov programu TechCON  |g Roč. 2, č. 5 (2007), s. 24 
954 |a odborná, vedecká literatúra pôvodná (slovenská)  |2 lita 
958 |a OND 
958 |a EUIPO 
958 |a article13 
999 |c 2013349  |d 2015279